000 01058cam a22003254i 4500
001 18326301
003 OSt
005 20251128095830.0
008 141006s2014 vau b 001 0 eng
010 _a 2014028827
035 _a18326301
040 _aDLC
_beng
_erda
_cDLC
042 _apcc
050 0 0 _aLB1027.23
_b.P36 2014
082 0 0 _a371.3
_223
100 1 _aPahomov, Larissa.
245 1 0 _aAuthentic learning in the digital age :
_bengaging students through inquiry /
_cLarissa Pahomov.
264 1 _aAlexandria, Virginia :
_bASCD,
_c[2014]
300 _aix, 195 pages ;
_c23 cm
336 _atext
_2rdacontent
337 _aunmediated
_2rdamedia
338 _avolume
_2rdacarrier
504 _aIncludes bibliographical references (page 190) and index.
650 0 _aInquiry-based learning.
650 0 _aEducational technology.
650 0 _aInternet in education.
906 _a7
_bcbc
_corignew
_d1
_eecip
_f20
_gy-gencatlg
942 _2lcc
_cBK
999 _c265375
_d265374